000 00658nam a22001817a 4500
999 _c62543
_d62543
005 20241203161423.0
008 241203s2020 ru ||||| |||| 00| 0 rus d
020 _a9785041903527х
041 _arus
080 _a1(091((44) Д-28
100 _aДекарт, Рене
_923852
245 _aРассуждение о методе для верного направления разума и отыскания истины в науках /
_cРене Декарт.
264 _aМосква,
_c2020.
300 _a128 стр. ;
_b17 см.
653 _aდისკურსი
653 _aფილოსოფია
942 _2udc
_cᲬᲘᲒᲜᲘ